000 00530nam a22001697a 4500
003 0
005 20240723110547.0
008 131126b xxu||||| |||| 00| 0 eng d
020 _a9710871102
050 _aHF 5635
_b.H281 2011
100 _aHarina, Ricardo M.
245 _aColege Accounting 2 :
_bAccounting for partnership,Corporation and Manufacturing /
_cRicardo Harina
260 _aMandaluyong City:
_bCacho Hermanos, Inc. Pines Cor.
_c2011.
300 _a203 p. :
_bill. ;
_c25 cm.
546 _aC12353
942 _2lcc
_cBK
_kLOC
999 _c25698
_d25698